[Event "HCL-B158"]
[Site "www.playchess.de"]
[Date "2001.02.07"]
[Round "3"]
[White "Gruhni"]
[Black "plobi"]
[WhiteElo "1377"]
[BlackElo "1234"]
[PlyCount "40"]
[Result "0-1"]

1.e4 {Hallo plobi!}  Nf6 {hy! ich komm ja früher 
zu meiner revanche als erwartet! das eine turnier 
hast eh schon gewonnen ...}  2.e5 {Noch nicht 
unbedingt, wenn wir unsere restlichen Partien 
gewinnen, haben wir die gleiche Punktzahl!}  Nd5 
{schon, aber du hast unser direktes duell 
gewonnen, somit werd ich wohl keine chance mehr 
haben ...}  3.c4 {Warten wirs ab :)}  Nb6 
{außerdem hast du deine letzte partie sowieso 
schon gewonnen! der typ zieht eh nicht mehr ...}  
4.d4 {Doch, er hat heute morgen mal wieder einen 
Zug gemacht.}  d6 {naja, aber er ist auch nicht 
unbedingt der stärkste ...}  5.Nf3 {Stimmt, dafür 
hat in der Partie gegen dich nur einen Zug gemacht 
;)}  Bg4 {ich hätte aber lieber gegen ihn 
gespielt! hab in auch 3x angeschrieben ...}  6.h3 
{Jetzt haben FR und ich wenigsten 10 Züge, so das 
wird Spiel gegen ihn als reguläres gewertet.}  
Bxf3 {und somit ist das turnier gewonnen! aber ich 
konzentrier mich mehr auf mein acl-turnier!!}  
7.Qxf3 {Die Spiele in ACL lasse ich erst mal 
ausklingen, habe genug mit HCL zu tun :)}  Nc6 
{schon, aber in einer acl gehts bei mir um den 
gruppensieg!!}  8.Qe3 {Dann wünsche ich dir dafür 
viel Glück!}  dxe5 {vielen dank!!}  9.dxe5 e6 
10.Bd3 Nxe5 11.Qxe5 {Oh, oh, ich ahne schlimmes, 
ich hasse diese Eröffnung ;)}  Qxd3 {du wolltest 
ja diese eröffnung! hast sie ja selbst gespielt 
... *g*}  12.Qxc7 {Hast ja recht}  Bb4+ 13.Bd2 Rd8 
14.Qxd8+ Kxd8 15.Bxb4 Qe4+ {bevor ichs vergeß: 
einen schönen guten morgen ...}  16.Kf1 {Ja, 
ebenfalls.}  Qxc4+ 17.Kg1 {Jetzt ist der arme 
Läufer auch noch weg!}  Qxb4 {sorry, das ist nur 
die gier ... *g*}  18.b3 {Naja, wenigstens gegen 
assmonkey habe ich in diesem Turnier gewonnen ;)}  
Qe1+ {der wird mein nächstes opfer - hab momentan 
einen lauf!!}  19.Kh2 Qe5+ 20.g3 {Jetzt reichts 
mir ;) Gratulation zur gelungenen Revanche, aber 
die nächste Partie kommt bestimmt :)}  Qxa1 
{vielen dank, aber du hattest nur einen fehler 
gemacht, das war der unterschied heute!!} 
 0-1

[Event "HCL-B158"]
[Site "www.playchess.de"]
[Date "2001.02.07"]
[Round "4"]
[White "Bauernopfer"]
[Black "Jeff_Foster"]
[WhiteElo "1320"]
[BlackElo "1364"]
[PlyCount "67"]
[Result "1/2-1/2"]

1.e4 {Hi Jeff! I read your analyse. It was very 
good but frustrated me a lot.}  d6 {what 
frustrated you about it?  any advice for making it 
better?}  2.Nf3 {Well, I had to see all my 
mistakes a second time. But this time I will win. 
;-)}  Nf6 { Good luck then, and may the battle 
commence ;-)}  3.Nc3 {Good luck too}  g6 4.Bc4 {.} 
 Bg7 5.d3 {I just visit your homepage and saw 
pictures of your wedding.}  O-O {cool :)}  6.O-O 
{Congratulations}  c6 {Thanks :)}  7.Bg5 {.}  h6 
8.Bh4 Nbd7 9.h3 b5 10.Bb3 a5 11.a3 Nc5 12.Ba2 e5 
13.Re1 Bd7 14.b4 axb4 15.axb4 Na6 16.Qb1 Qc7 
17.Ne2 Ra7 18.c3 Rfa8 19.Bb3 c5 20.bxc5 Nxc5 
21.Rxa7 Rxa7 22.Bc2 Na4 23.Qb4 Nc5 24.Bxf6 Bxf6 
25.d4 Ne6 26.Bb3 Ng5 27.Nxg5 Bxg5 28.Rb1 Bf6 
29.dxe5 dxe5 30.c4 bxc4 31.Qxc4 
{www.heuchelheim.de}  Qxc4 {cool web site, bit 
difficult for me to understand though since I 
speak no German :)}  32.Bxc4 {Sorry! It´s the site 
of my homevillage. A little bit advertising. :)}  
Rc7 {lol :)}  33.Bd5 {.}  Kg7 34.Rc1 1/2-1/2

[Event "HCL-C165"]
[Site "www.playchess.de"]
[Date "2001.02.07"]
[Round "14"]
[White "Elrond"]
[Black "Player"]
[WhiteElo "1500"]
[BlackElo "1392"]
[PlyCount "25"]
[Result "1-0"]

1.e4 e5 2.f4 exf4 3.Nf3 g5 4.Bc4 g4 5.O-O gxf3 
6.Qxf3 Qf6 7.d3 Bh6 8.Nc3 Ne7 9.Nb5 Na6 10.d4 Ng6 
11.e5 Qc6 12.Qb3 f6 13.Bd2 1-0

[Event "HCL-C162"]
[Site "www.playchess.de"]
[Date "2001.02.07"]
[Round "4"]
[White "Translightor"]
[Black "Filk"]
[WhiteElo "1401"]
[BlackElo "1298"]
[PlyCount "58"]
[Result "0-1"]

1.e4 {Hello & Good luck!}  e5 {Hi, and good luck 
to you too.}  2.Nf3 Nc6 3.Bb5 a6 4.Ba4 b5 5.Bb3 
Bb7 6.O-O Be7 7.d4 exd4 8.Nxd4 Na5 9.c3 Nxb3 
10.axb3 Bxe4 11.Re1 Bg6 12.Bf4 c5 13.Nf3 d5 14.Ne5 
f6 15.Nc6 Qd7 16.Nxe7 Nxe7 17.Nd2 O-O 18.Nf3 Kh8 
19.h3 Rfe8 20.Qd2 Bh5 21.Nh2 Nc6 22.g4 Rxe1+ 
23.Rxe1 Bf7 24.Kg2 d4 25.Nf3 Bxb3 26.cxd4 Bd5 
27.dxc5 Ne5 28.Rxe5 fxe5 29.Be3 
Rf8 0-1

[Event "HCL-B166"]
[Site "www.playchess.de"]
[Date "2001.02.07"]
[Round "15"]
[White "toilet"]
[Black "Fabian"]
[WhiteElo "1500"]
[BlackElo "1449"]
[PlyCount "29"]
[Result "1-0"]

1.e4 c6 2.d3 d5 3.Nd2 dxe4 4.Nxe4 e6 5.Nf3 Nf6 
6.Bg5 Be7 7.Ng3 Nbd7 8.Qd2 O-O 9.O-O-O Qb6 10.h4 
Ba3 11.bxa3 Qa6 12.Bxf6 Nxf6 13.Qc3 Nd5 14.Qb2 b5 
15.Nh5 1-0

[Event "ACL-A093"]
[Site "www.playchess.de"]
[Date "2001.02.07"]
[Round "1"]
[White "patzer"]
[Black "malkawi2000"]
[WhiteElo "1500"]
[BlackElo "1500"]
[PlyCount "70"]
[Result "0-1"]

1.d4 Nf6 2.c4 e5 3.dxe5 Ng4 4.Nf3 Nc6 5.e3 Ngxe5 
6.Nxe5 Nxe5 7.Be2 Be7 8.O-O d6 9.c5 dxc5 10.Qxd8+ 
Bxd8 11.Nc3 O-O 12.Bb5 c6 13.Be2 b5 14.a4 b4 
15.Ne4 Be7 16.Rd1 Bf5 17.Nd2 Bc2 18.Re1 Rfd8 
19.Nc4 Nxc4 20.Bxc4 Bd3 21.Bxd3 Rxd3 22.g3 Rad8 
23.Kg2 R3d1 24.Re2 b3 25.Kf3 c4 26.e4 Bg5 27.Bxg5 
R8d3+ 28.Kg4 Rxa1 29.e5 Ra2 30.h4 c3 31.Re4 cxb2 
32.Rb4 f6 33.e6 Kf8 34.Bxf6 gxf6 35.Re4 b1Q {%} 
 0-1

[Event "HCL-C104"]
[Site "www.playchess.de"]
[Date "2001.02.07"]
[Round "1"]
[White "Colm"]
[Black "jayr015"]
[WhiteElo "1217"]
[BlackElo "1487"]
[PlyCount "50"]
[Result "1-0"]

1.d4 d5 2.c4 e6 3.Nc3 dxc4 4.e4 Nc6 5.Be3 Qf6 
6.Bxc4 e5 7.Nd5 Qd6 8.Ne2 Nf6 9.Nec3 Nxd5 10.exd5 
Na5 11.Qa4+ Bd7 12.Qxa5 Be7 13.O-O b6 14.Qa6 exd4 
15.Bxd4 O-O 16.Rfe1 Bc8 17.Qa4 Bd7 18.Qc2 Rae8 
19.Rad1 c5 20.dxc6 e.p 21.Bxc6 Bxg7 22.Qc5 Bxf8 
23.Rxf8 Bd5 24.Be8 Re5 25.Bf6 Rh5 1-0

[Event "HCL-C104"]
[Site "www.playchess.de"]
[Date "2001.02.07"]
[Round "2"]
[White "ROBIN"]
[Black "Colm"]
[WhiteElo "1074"]
[BlackElo "1217"]
[PlyCount "32"]
[Result "0-1"]

1.e4 e5 2.f4 exf4 3.d4 Qh4+ 4.g3 fxg3 5.Nf3 g2+ 
6.Ke2 Qxe4+ 7.Kf2 gxh1Q 8.Qe2 Qxe2+ 9.Kxe2 Nc6 
10.c3 d5 11.Nbd2 Nf6 12.Kf2 Ng4+ 13.Kg3 Bd6+ 
14.Ne5 Ncxe5 15.dxe5 Bxe5+ 16.Kh3 
Qxh2+ 0-1

[Event "HCL-B048"]
[Site "www.playchess.de"]
[Date "2001.02.07"]
[Round "2"]
[White "Mathemagician"]
[Black "Afrael"]
[WhiteElo "1218"]
[BlackElo "1500"]
[PlyCount "60"]
[Result "0-1"]

1.e4 e5 2.Nf3 Nc6 3.d4 exd4 4.Bc4 Bc5 5.c3 d3 
6.Qxd3 d6 7.Bxf7+ Kxf7 8.Qd5+ Kf8 9.e5 Qe8 10.O-O 
Be6 11.Qd3 Nxe5 12.Nxe5 dxe5 13.Qf3+ Nf6 14.Qxb7 
Bd6 15.Rd1 Qb8 16.Qc6 Bd7 17.Qc4 Qb5 18.Nd2 Rb8 
19.a4 Qxc4 20.Nxc4 Ke7 21.Re1 Be6 22.Nxe5 Bxe5 
23.Rxe5 Rhd8 24.Be3 Rxb2 25.Re1 Kf7 26.Rxe6 Re2 
27.Kf1 Rxe1+ 28.Kxe1 Kxe6 29.Bxa7 Ra8 30.Bd4 
Rxa4 0-1

[Event "HCL-B048"]
[Site "www.playchess.de"]
[Date "2001.02.07"]
[Round "4"]
[White "Afrael"]
[Black "pdqbach"]
[WhiteElo "1500"]
[BlackElo "1200"]
[PlyCount "77"]
[Result "1-0"]

1.e4 e5 2.Bc4 Nc6 3.Nf3 Bc5 4.O-O d6 5.d3 Be6 
6.Nbd2 Nf6 7.c3 a6 8.b4 Ba7 9.Qb3 Bxc4 10.Nxc4 h6 
11.Ne3 O-O 12.h3 Nh5 13.Nf5 Nf4 14.Qc2 Ne7 15.Be3 
Nxf5 16.exf5 Qf6 17.Bxa7 Rxa7 18.d4 exd4 19.cxd4 
Rc8 20.Qe4 Nxg2 21.Kxg2 c5 22.bxc5 dxc5 23.Rac1 b6 
24.Rfe1 Kf8 25.dxc5 Rac7 26.c6 Re7 27.Qxe7+ Qxe7 
28.Rxe7 Kxe7 29.Nd4 Kd6 30.Kf3 Kd5 31.Ke3 b5 
32.Kd3 g5 33.Re1 h5 34.Re7 g4 35.hxg4 hxg4 36.Rxf7 
Ke5 37.Re7+ Kf6 38.Re6+ Kf7 39.Rg6 1-0

[Event "HCL-B048"]
[Site "www.playchess.de"]
[Date "2001.02.07"]
[Round "6"]
[White "Mathemagician"]
[Black "pdqbach"]
[WhiteElo "1218"]
[BlackElo "1200"]
[PlyCount "63"]
[Result "1-0"]

1.e4 e5 2.Nf3 Nc6 3.d4 exd4 4.Bc4 Be7 5.c3 d6 
6.Qb3 Be6 7.Bxe6 fxe6 8.Qxe6 dxc3 9.Nxc3 Qd7 
10.Qxd7+ Kxd7 11.Be3 Nf6 12.O-O Rae8 13.Rad1 Kc8 
14.Nd4 Ne5 15.Nf5 b6 16.Nxg7 Ref8 17.Nf5 Bd8 
18.Bh6 Rfg8 19.Bg7 Kd7 20.Bxh8 Rxh8 21.f4 Nc4 
22.b3 Na5 23.e5 Ke6 24.Nd4+ Kf7 25.exf6 Bxf6 
26.Ncb5 Bd8 27.Nxa7 Nb7 28.Nac6 Bf6 29.g4 Bg7 
30.Rfe1 Rc8 31.Re7+ Kg8 32.Ne6 1-0

[Event "HCL-B048"]
[Site "www.playchess.de"]
[Date "2001.02.07"]
[Round "10"]
[White "pdqbach"]
[Black "Nulnulnix"]
[WhiteElo "1200"]
[BlackElo "800"]
[PlyCount "31"]
[Result "1-0"]

1.e4 e5 2.Nf3 Nc6 3.Bb5 Nf6 4.d3 d5 5.Nxe5 dxe4 
6.Nxc6 Qd6 7.Nxa7+ Kd8 8.Be3 Ng4 9.Qe2 Nxe3 
10.Qxe3 Be6 11.Nc3 Qb4 12.O-O-O Bc5 13.dxe4+ Ke7 
14.Qg5+ f6 15.Qxg7+ Bf7 16.Nd5+ 1-0

[Event "HCL-C050"]
[Site "www.playchess.de"]
[Date "2001.02.07"]
[Round "2"]
[White "Optimo"]
[Black "rhonda202"]
[WhiteElo "1000"]
[BlackElo "910"]
[PlyCount "55"]
[Result "1-0"]

1.e4 e5 2.f4 exf4 3.Nf3 Nf6 4.Nc3 g5 5.d4 Nc6 
6.Bb5 a6 7.Bxc6 dxc6 8.Nxg5 Bg4 9.Qd3 b5 10.Bxf4 
Bd6 11.e5 Be7 12.exf6 Bxf6 13.Nge4 O-O 14.Nxf6+ 
Qxf6 15.O-O Rfe8 16.Ne4 Qg6 17.Nf2 f5 18.Nxg4 Qxg4 
19.Bxc7 Rac8 20.Be5 Rcd8 21.Qxf5 Qxf5 22.Rxf5 Rd5 
23.Rg5+ Kf7 24.Rf1+ Ke7 25.Rg7+ Kd8 26.Rff7 Kc8 
27.Rfa7 b4 28.Ra8+ 1-0

[Event "HCL-C050"]
[Site "www.playchess.de"]
[Date "2001.02.07"]
[Round "3"]
[White "jakdanl202"]
[Black "Optimo"]
[WhiteElo "1039"]
[BlackElo "1000"]
[PlyCount "48"]
[Result "0-1"]

1.e4 e5 2.Nf3 Nc6 3.Bb5 a6 4.Ba4 b5 5.Bb3 f6 6.Nh4 
Nge7 7.d3 Nd4 8.Nc3 c6 9.Be3 d6 10.Ne2 Nxb3 
11.cxb3 d5 12.exd5 Nxd5 13.Nf5 Bxf5 14.Ng3 Nxe3 
15.Qf3 Nc2+ 16.Kd2 Nxa1 17.Nxf5 Qd5 18.Rxa1 Qxf3 
19.gxf3 O-O-O 20.b4 Bxb4+ 21.Ke2 Rd7 22.a3 Bc5 
23.Rc1 Rd5 24.b4 Bf8 0-1

[Event "HCL-C050"]
[Site "www.playchess.de"]
[Date "2001.02.07"]
[Round "5"]
[White "Tass"]
[Black "jakdanl202"]
[WhiteElo "1000"]
[BlackElo "1039"]
[PlyCount "25"]
[Result "1-0"]

1.e4 e5 2.Nf3 Nc6 3.d4 exd4 4.Nxd4 d5 5.Nxc6 bxc6 
6.e5 c5 7.Bb5+ Bd7 8.Bg5 f6 9.Bxd7+ Qxd7 10.exf6 
gxf6 11.Qe2+ Qe7 12.Qxe7+ Bxe7 
13.Bf4 1-0

[Event "HCL-C050"]
[Site "www.playchess.de"]
[Date "2001.02.07"]
[Round "7"]
[White "TomAU"]
[Black "rhonda202"]
[WhiteElo "1000"]
[BlackElo "910"]
[PlyCount "37"]
[Result "1-0"]

1.e4 d6 2.d4 Nh6 3.Bxh6 gxh6 4.Bc4 Rg8 5.Qh5 Rg5 
6.Qxf7+ Kd7 7.Be6+ Kc6 8.d5+ Kb6 9.Bxc8 Qxc8 
10.Qf3 Na6 11.Nc3 e6 12.Na4+ Ka5 13.Qc3+ Nb4 14.a3 
c5 15.axb4+ Kb5 16.Qd3+ c4 17.Qd4 Bg7 18.Nc3+ Kxb4 
19.Ra4+ 1-0

[Event "HCL-C050"]
[Site "www.playchess.de"]
[Date "2001.02.07"]
[Round "8"]
[White "jakdanl202"]
[Black "TomAU"]
[WhiteElo "1039"]
[BlackElo "1000"]
[PlyCount "50"]
[Result "0-1"]

1.e4 d5 2.exd5 Nf6 3.Nc3 Nxd5 4.Bb5+ c6 5.Ba4 Nxc3 
6.bxc3 e6 7.d4 Bd6 8.g3 Qa5 9.Bb3 Qxc3+ 10.Bd2 
Qxd4 11.Ne2 Qb6 12.O-O Nd7 13.Nf4 Nf6 14.Be3 Qc7 
15.c4 O-O 16.c5 Bxf4 17.Bxf4 e5 18.Bg5 Ne4 19.Be3 
Bh3 20.Qf3 Bxf1 21.Qxe4 Bh3 22.Rd1 Rad8 23.Bc2 
Rxd1+ 24.Bxd1 Qa5 25.Bg5 Qxa2 0-1

[Event "HCL-C050"]
[Site "www.playchess.de"]
[Date "2001.02.07"]
[Round "9"]
[White "TomAU"]
[Black "Optimo"]
[WhiteElo "1000"]
[BlackElo "1000"]
[PlyCount "49"]
[Result "1/2-1/2"]

1.e4 e5 2.d4 d6 3.dxe5 dxe5 4.Qxd8+ Kxd8 5.Nf3 Nc6 
6.Nc3 Bb4 7.Bd2 Nf6 8.O-O-O Bg4 9.Be2 Bxf3 10.Bxf3 
Kc8 11.Rhe1 b6 12.a3 Bc5 13.Be3 Bxe3+ 14.Rxe3 Kb7 
15.Nd5 Nd4 16.Nxf6 Nxf3 17.Rxf3 gxf6 18.Rxf6 Rhf8 
19.Rd7 Rfg8 20.g3 Rac8 21.Rfxf7 Kc6 22.Rfxh7 Rgh8 
23.Kd2 Rcd8 24.Rxd8 Rxh7 25.h4 1/2-1/2

[Event "HCL-C050"]
[Site "www.playchess.de"]
[Date "2001.02.07"]
[Round "10"]
[White "Tass"]
[Black "TomAU"]
[WhiteElo "1000"]
[BlackElo "1000"]
[PlyCount "30"]
[Result "1/2-1/2"]

1.e4 d5 2.exd5 e6 3.dxe6 Bxe6 4.d4 Nf6 5.Nf3 Nc6 
6.Nc3 Bb4 7.Bd2 Nxd4 8.Bd3 O-O 9.O-O Bg4 10.Be2 
Nxf3+ 11.Bxf3 Bxf3 12.gxf3 Qd7 13.Ne4 Bxd2 14.Nxd2 
Rad8 15.Ne4 Nxe4 1/2-1/2

[Event "HCL-C050"]
[Site "www.playchess.de"]
[Date "2001.02.07"]
[Round "16"]
[White "Zzax"]
[Black "rhonda202"]
[WhiteElo "898"]
[BlackElo "910"]
[PlyCount "61"]
[Result "1-0"]

1.e4 e5 2.f4 d6 3.Nf3 Nf6 4.Bc4 Qe7 5.fxe5 Nxe4 
6.O-O Nc6 7.d3 Nc5 8.exd6 cxd6 9.Ng5 Na5 10.Bxf7+ 
Kd7 11.b4 Nc6 12.bxc5 dxc5 13.Be6+ Ke8 14.Bxc8 
Rxc8 15.Re1 Rd8 16.Rxe7+ Bxe7 17.Ne6 Rd6 18.Nxg7+ 
Kf8 19.Nf5 Rg6 20.Bb2 Rhg8 21.g3 Bd8 22.Qf3 Bb6 
23.Nh6+ Ke7 24.Nxg8+ Rxg8 25.Qf6+ Kd7 26.Qf7+ Ne7 
27.Bf6 Bd8 28.Bxe7 Re8 29.Bf8+ Be7 30.Nc3 h5 
31.Re1 1-0

[Event "HCL-C050"]
[Site "www.playchess.de"]
[Date "2001.02.07"]
[Round "17"]
[White "jakdanl202"]
[Black "Zzax"]
[WhiteElo "1039"]
[BlackElo "898"]
[PlyCount "28"]
[Result "0-1"]

1.e4 Nc6 2.Nc3 e5 3.Nf3 Bb4 4.a3 Bxc3 5.dxc3 Nf6 
6.Bg5 O-O 7.Bc4 h6 8.Bh4 g5 9.Bg3 Nxe4 10.Nxe5 
Nxe5 11.Bxe5 Qe7 12.Qd4 Nd6 13.O-O-O Nxc4 14.b3 
Qxa3+ 0-1

[Event "HCL-C050"]
[Site "www.playchess.de"]
[Date "2001.02.07"]
[Round "18"]
[White "Zzax"]
[Black "Optimo"]
[WhiteElo "898"]
[BlackElo "1000"]
[PlyCount "43"]
[Result "1/2-1/2"]

1.e4 e6 2.d4 b6 3.f4 Bb7 4.Nd2 d5 5.e5 Nc6 6.a3 
Nxd4 7.Ndf3 Nc6 8.Bd3 Nge7 9.Ne2 Qd7 10.O-O O-O-O 
11.b4 Nf5 12.Bxf5 exf5 13.Ned4 Be7 14.Re1 Rhe8 
15.e6 fxe6 16.Nxe6 Bf6 17.Nxd8 Rxe1+ 18.Qxe1 Bxa1 
19.Nxc6 Qxc6 20.Ne5 Bxe5 21.Qxe5 d4 
22.Qxf5+ 1/2-1/2

[Event "HCL-C050"]
[Site "www.playchess.de"]
[Date "2001.02.07"]
[Round "20"]
[White "Zzax"]
[Black "TomAU"]
[WhiteElo "898"]
[BlackElo "1000"]
[PlyCount "31"]
[Result "1-0"]

1.e4 e5 2.Nf3 f5 3.Nxe5 Qf6 4.d4 d6 5.Nc4 fxe4 
6.Be2 Nc6 7.d5 Ne5 8.O-O Nxc4 9.Bxc4 Qg6 10.Bb5+ 
Kd8 11.Bf4 h5 12.f3 exf3 13.Qxf3 Bg4 14.Bg5+ Be7 
15.Qf8+ Qe8 16.Qxe8+ 1-0

[Event "HCL-A025"]
[Site "www.playchess.de"]
[Date "2001.02.07"]
[Round "2"]
[White "Brrrr"]
[Black "chessterminator"]
[WhiteElo "1589"]
[BlackElo "1954"]
[PlyCount "31"]
[Result "1-0"]

1.d4 Nf6 2.c4 g6 3.Nc3 Bg7 4.e4 d6 5.Be2 O-O 6.Nf3 
c5 7.O-O Na6 8.Be3 Ng4 9.Bf4 Nc7 10.d5 a6 11.Qd2 
f5 12.exf5 Bxf5 13.Rfe1 Qd7 14.h3 Nf6 15.Nh4 Rab8 
16.Bf3 1-0

[Event "HCL-A025"]
[Site "www.playchess.de"]
[Date "2001.02.07"]
[Round "7"]
[White "acamaki"]
[Black "chessterminator"]
[WhiteElo "2075"]
[BlackElo "1954"]
[PlyCount "25"]
[Result "1-0"]

1.e4 c5 2.d4 cxd4 3.c3 dxc3 4.Nxc3 Nc6 5.Nf3 d6 
6.Bc4 e6 7.O-O Nf6 8.Qe2 a6 9.Rd1 Qc7 10.Bf4 Be7 
11.Rac1 O-O 12.Bb3 b5 13.Nd5 1-0

[Event "HCL-A025"]
[Site "www.playchess.de"]
[Date "2001.02.07"]
[Round "9"]
[White "acamaki"]
[Black "Brrrr"]
[WhiteElo "2075"]
[BlackElo "1589"]
[PlyCount "53"]
[Result "1-0"]

1.e4 c5 2.d4 cxd4 3.c3 dxc3 4.Nxc3 e6 5.Nf3 Bc5 
6.Bc4 Ne7 7.O-O O-O 8.Bf4 a6 9.e5 Qc7 10.Bd3 Nbc6 
11.Bxh7+ Kxh7 12.Ng5+ Kg8 13.Qh5 Rd8 14.Qh7+ Kf8 
15.Qh8+ Ng8 16.Nh7+ Ke7 17.Bg5+ Nf6 18.Qxg7 d5 
19.Bxf6+ Ke8 20.Qg8+ Kd7 21.Qxf7+ Ne7 22.Na4 Re8 
23.Nxc5+ Qxc5 24.Rac1 Qb4 25.a3 Qf4 26.Nf8+ Rxf8 
27.Qxe7+ 1-0

[Event "HCL-C116"]
[Site "www.playchess.de"]
[Date "2001.02.07"]
[Round "13"]
[White "lulu"]
[Black "dakini"]
[WhiteElo "1194"]
[BlackElo "1604"]
[PlyCount "65"]
[Result "1-0"]

1.e4 e5 2.Bc4 Nf6 3.Nc3 Bb4 4.Nge2 d6 5.a3 Bc5 
6.d3 Be6 7.Bxe6 fxe6 8.h3 O-O 9.b4 Bd4 10.Nxd4 
exd4 11.Ne2 Nc6 12.b5 Ne5 13.Nxd4 Qd7 14.f4 Ng6 
15.f5 exf5 16.Nxf5 d5 17.Ng3 Qxb5 18.O-O Qc5+ 
19.Kh1 Rad8 20.a4 dxe4 21.Ba3 Qg5 22.Bxf8 Qxg3 
23.Bb4 Nh4 24.Qe2 exd3 25.cxd3 Re8 26.Qf2 Re3 
27.Qxg3 Rxg3 28.Be1 Rxg2 29.Bxh4 Rd2 30.Bxf6 gxf6 
31.Rxf6 Rxd3 32.Rg1+ Kh8 33.Rf8+ 1-0

[Event "HCL-C116"]
[Site "www.playchess.de"]
[Date "2001.02.07"]
[Round "15"]
[White "exoticorn"]
[Black "dakini"]
[WhiteElo "1162"]
[BlackElo "1604"]
[PlyCount "33"]
[Result "1-0"]

1.Nf3 Nf6 2.g3 c5 3.Bg2 d5 4.O-O Nc6 5.d3 e5 6.Nc3 
h6 7.e4 d4 8.Ne2 g5 9.c4 Rg8 10.Bd2 h5 11.Bxg5 Bg4 
12.Bh4 Bh6 13.Qb3 b6 14.Qa4 Qd7 15.Bxf6 Bh3 
16.Bxh3 Qxh3 17.Qxc6+ 1-0

[Event "HCL-C116"]
[Site "www.playchess.de"]
[Date "2001.02.07"]
[Round "18"]
[White "Danne"]
[Black "lulu"]
[WhiteElo "1094"]
[BlackElo "1194"]
[PlyCount "30"]
[Result "0-1"]

1.e4 e6 2.d4 c5 3.c3 Nf6 4.f3 Be7 5.Be3 d6 6.Bd3 
cxd4 7.cxd4 Nc6 8.Nc3 a6 9.Nge2 O-O 10.O-O Re8 
11.Qc2 Nb4 12.Qd2 Nxd3 13.Qxd3 Bd7 14.f4 Bf8 
15.Rad1 b5 0-1

[Event "HCL-C116"]
[Site "www.playchess.de"]
[Date "2001.02.07"]
[Round "21"]
[White "dakini"]
[Black "Danne"]
[WhiteElo "1604"]
[BlackElo "1094"]
[PlyCount "31"]
[Result "1-0"]

1.e4 e5 2.f4 d6 3.Nc3 Nf6 4.Bc4 Be7 5.d3 Nc6 6.Nf3 
Bg4 7.Bb5 Qd7 8.Bxc6 Qxc6 9.fxe5 Bxf3 10.Qxf3 dxe5 
11.Qg3 g6 12.Qxe5 Qd6 13.Qb5+ Qc6 14.Bf4 Bd6 15.e5 
O-O 16.Qxc6 1-0

[Event "HCL-C099"]
[Site "www.playchess.de"]
[Date "2001.02.07"]
[Round "1"]
[White "Stefan"]
[Black "Tarahumara"]
[WhiteElo "1000"]
[BlackElo "927"]
[PlyCount "89"]
[Result "1-0"]

1.e4 e5 2.Nf3 Qf6 3.Nc3 c6 4.Bc4 Bc5 5.d3 d6 6.h3 
b5 7.Bb3 Na6 8.O-O Qg6 9.Nh4 Qf6 10.Qf3 Qxf3 
11.Nxf3 Nb4 12.a3 Nxc2 13.Bxc2 Nf6 14.Ne2 O-O 
15.d4 exd4 16.Nexd4 Bd7 17.Re1 Rfe8 18.Bf4 d5 
19.exd5 Nxd5 20.Nb3 Bb6 21.Bd6 a5 22.Rad1 a4 
23.Nc5 Bxc5 24.Bxc5 b4 25.axb4 a3 26.bxa3 Rxa3 
27.Bf5 Be6 28.Bxe6 fxe6 29.Rda1 Rd3 30.Ne5 Rc3 
31.Rac1 Rb3 32.Nxc6 Ra8 33.Rxe6 Ra2 34.Rd6 Nc3 
35.Re1 Ne2+ 36.Kh2 Nf4 37.Rd8+ Kf7 38.Rf8+ Kg6 
39.Rxf4 h6 40.Re3 Rb1 41.Rg3+ Kh7 42.Rf7 Raa1 
43.Rgxg7+ Kh8 44.Rgh7+ Kg8 45.Rfg7+ 1-0

[Event "HCL-C099"]
[Site "www.playchess.de"]
[Date "2001.02.07"]
[Round "4"]
[White "Stefan"]
[Black "Danne"]
[WhiteElo "1000"]
[BlackElo "1460"]
[PlyCount "87"]
[Result "1-0"]

1.e4 e5 2.Nf3 Nc6 3.Bb5 d6 4.Nc3 Bd7 5.d4 Nxd4 
6.Nxd4 exd4 7.Qxd4 a6 8.Bc4 Bc6 9.O-O Qf6 10.Be3 
g6 11.Rfe1 Bg7 12.Rad1 Ne7 13.Qxf6 Bxf6 14.Nd5 
Nxd5 15.exd5 Bd7 16.Bd4+ Be5 17.Bxe5 dxe5 18.Rxe5+ 
Kf8 19.Rde1 b5 20.R5e7 Bf5 21.Bb3 Kg7 22.Rxc7 Rhe8 
23.Rxe8 Rxe8 24.f3 Re2 25.g4 Be4 26.fxe4 Rxe4 
27.h3 Rd4 28.c4 bxc4 29.Bxc4 Kf6 30.a4 Kg5 31.b3 
Kh4 32.Rxf7 Kxh3 33.Rxh7+ Kxg4 34.Ra7 Kg3 35.Rxa6 
g5 36.Re6 Rd1+ 37.Bf1 Rd2 38.Re1 Kf3 39.Be2+ Kf4 
40.Kf2 g4 41.Rg1 g3+ 42.Rxg3 Rxd5 43.Rg4+ Kf5 
44.Rb4 1-0

[Event "HCL-C099"]
[Site "www.playchess.de"]
[Date "2001.02.07"]
[Round "5"]
[White "Danne"]
[Black "Tarahumara"]
[WhiteElo "1460"]
[BlackElo "927"]
[PlyCount "129"]
[Result "1-0"]

1.e4 e5 2.Nf3 Qf6 3.d4 exd4 4.Qxd4 Qxd4 5.Nxd4 g6 
6.c3 Bg7 7.Bd3 a5 8.a3 c6 9.O-O d6 10.h3 Nf6 
11.Nd2 O-O 12.Nc4 d5 13.exd5 Nxd5 14.Be3 Be6 
15.Nd6 Nd7 16.Nxb7 Rab8 17.Nxa5 Rxb2 18.Naxc6 Nxc3 
19.a4 Nc5 20.Bb5 Nd5 21.Nxe6 Nxe6 22.Rab1 Nxe3 
23.fxe3 Nc5 24.Nd4 Rxb1 25.Rxb1 Ne4 26.a5 Nc3 
27.Rb3 Bxd4 28.exd4 Ne2+ 29.Kh1 Nxd4 30.Rb1 Nxb5 
31.Rxb5 Ra8 32.Kg1 Kf8 33.Kf2 Ke8 34.Ke3 Kd7 
35.Kd4 Kc6 36.Kc4 f5 37.Kb4 Ra7 38.Rb6+ Kc7 39.Kb5 
Rb7 40.Rxb7+ Kxb7 41.Kc5 g5 42.Kd4 Ka6 43.Ke5 f4 
44.Kf5 h6 45.Kg6 Kxa5 46.Kxh6 f3 47.gxf3 Kb6 
48.Kxg5 Kc6 49.Kg6 Kd7 50.h4 Ke8 51.Kg7 Ke7 52.h5 
Ke6 53.h6 Kf5 54.h7 Kf4 55.h8Q Kxf3 56.Qh4 Ke3 
57.Kf6 Kf3 58.Kf5 Ke3 59.Qe4+ Kd2 60.Qf3 Kc2 
61.Ke4 Kd2 62.Qd3+ Kc1 63.Qe2 Kb1 64.Kd3 Ka1 
65.Kc3 1-0

[Event "HCL-C099"]
[Site "www.playchess.de"]
[Date "2001.02.07"]
[Round "11"]
[White "Stefan"]
[Black "kooldown"]
[WhiteElo "1000"]
[BlackElo "800"]
[PlyCount "33"]
[Result "1-0"]

1.e4 e5 2.Nf3 Nc6 3.Bb5 a6 4.Ba4 Nf6 5.Nc3 Bc5 
6.Bxc6 dxc6 7.Nxe5 Qd4 8.Nd3 Nxe4 9.Qe2 O-O 
10.Qxe4 Qxe4+ 11.Nxe4 Re8 12.Ndxc5 b6 13.O-O bxc5 
14.Nxc5 Bf5 15.d3 Re5 16.Be3 Rae8 
17.Nxa6 1-0

[Event "HCL-C099"]
[Site "www.playchess.de"]
[Date "2001.02.07"]
[Round "14"]
[White "kooldown"]
[Black "Danne"]
[WhiteElo "800"]
[BlackElo "1460"]
[PlyCount "65"]
[Result "1-0"]

1.e4 e5 2.Nf3 d6 3.Nc3 Bg4 4.Bc4 Nc6 5.h3 Bxf3 
6.Qxf3 Qf6 7.Qxf6 Nxf6 8.O-O h6 9.d3 Nd4 10.Nb5 
O-O-O 11.Nxd4 exd4 12.Re1 d5 13.exd5 Nxd5 14.Re4 
Bc5 15.Bf4 f5 16.Re5 Nxf4 17.Rxc5 g6 18.Re1 Rhe8 
19.Rce5 Rxe5 20.Rxe5 a6 21.Kh2 b5 22.Be6+ Kb7 
23.g3 Nh5 24.Bf7 Rd6 25.Bd5+ c6 26.Bf3 Nf6 27.c3 
dxc3 28.bxc3 Rxd3 29.Re3 Rxe3 30.fxe3 a5 31.Kg2 
Kb6 32.Kf2 b4 33.cxb4 1-0

[Event "HCL-C099"]
[Site "www.playchess.de"]
[Date "2001.02.07"]
[Round "16"]
[White "Christopher"]
[Black "Stefan"]
[WhiteElo "1131"]
[BlackElo "1000"]
[PlyCount "44"]
[Result "1/2-1/2"]

1.e4 d6 2.d4 Nf6 3.Nc3 g6 4.f4 Bg7 5.Nf3 O-O 6.Bd3 
Nbd7 7.e5 dxe5 8.fxe5 Ne8 9.Be3 Nb6 10.Qd2 Nd5 
11.Nxd5 Qxd5 12.c4 Qd8 13.O-O c6 14.Bc2 Be6 15.b3 
Qd7 16.Ng5 Nc7 17.Nxe6 Nxe6 18.d5 cxd5 19.Qxd5 
Qxd5 20.cxd5 Nc7 21.Rad1 Bxe5 22.Rfe1 
Bd6 1/2-1/2

[Event "HCL-C099"]
[Site "www.playchess.de"]
[Date "2001.02.07"]
[Round "17"]
[White "Tarahumara"]
[Black "Christopher"]
[WhiteElo "927"]
[BlackElo "1131"]
[PlyCount "77"]
[Result "1-0"]

1.e4 e5 2.Qh5 Nc6 3.Bc4 g6 4.Qf3 Nf6 5.c3 Bc5 6.d3 
d6 7.Bg5 Bg4 8.Qxf6 Qxf6 9.Bxf6 Rg8 10.h3 Bd7 
11.Nf3 Be6 12.Nbd2 Bxc4 13.Nxc4 h6 14.O-O-O Bxf2 
15.d4 g5 16.dxe5 dxe5 17.Ncxe5 Nxe5 18.Nxe5 Bg3 
19.Ng4 h5 20.Ne3 c6 21.Nf5 Rg6 22.Nxg3 Rxf6 
23.Nxh5 Rf2 24.g4 Rd8 25.Rxd8+ Kxd8 26.h4 gxh4 
27.Rxh4 f6 28.Ng7 Re2 29.Ne6+ Kd7 30.Nc5+ Kc7 
31.Rh7+ Kb6 32.Nd7+ Ka6 33.Nxf6 b5 34.g5 Ka5 35.g6 
Re1+ 36.Kd2 Ra1 37.g7 Rxa2 38.g8Q Rxb2+ 
39.Kc1 1-0